Практикум по основам современной информатики: учебное пособие

Détails bibliographiques
Auteur principal: Кудинов Ю. И. Юрий Иванович
Autres auteurs: Пащенко Ф. Ф. Федор Федорович, Келина А. Ю. Анастасия Юрьевна
Résumé:Практикум — это обязательное дополнение к учебному пособию "Основы современной информатики". Он обеспечивает методическую поддержку практических и лабораторных занятий. С его помощью можно изучить теоретические разделы информатики, касающиеся информации и логики предикатов, и получить практические навыки освоения наиболее распространенных программных продуктов: операционной системы Windows, текстового процессора Word, табличного процессора Excel и др. Учебное пособие предназначено для студентов всех направлений, исключая тех, кто специализируется в области информатики.
Langue:russe
Publié: Санкт-Петербург, Лань, 2016
Sujets:
Format: Livre
KOHA link:https://koha.lib.tpu.ru/cgi-bin/koha/opac-detail.pl?biblionumber=314085

MARC

LEADER 00000nam0a2200000 4500
001 314085
005 20231101014334.0
010 |a 9785811411528 
035 |a (RuTPU)RU\TPU\book\339496 
035 |a RU\TPU\book\201935 
090 |a 314085 
100 |a 20101025d2016 m y0rusy50 ca 
101 0 |a rus 
102 |a RU 
105 |a a j 001zy 
200 1 |a Практикум по основам современной информатики  |e учебное пособие  |f Ю. И. Кудинов, Ф. Ф. Пащенко, А. Ю. Келина 
210 |a Санкт-Петербург  |c Лань  |d 2016 
215 |a 351 с.  |c ил. 
320 |a Библиогр.: с. 344. 
330 |a Практикум — это обязательное дополнение к учебному пособию "Основы современной информатики". Он обеспечивает методическую поддержку практических и лабораторных занятий. С его помощью можно изучить теоретические разделы информатики, касающиеся информации и логики предикатов, и получить практические навыки освоения наиболее распространенных программных продуктов: операционной системы Windows, текстового процессора Word, табличного процессора Excel и др. Учебное пособие предназначено для студентов всех направлений, исключая тех, кто специализируется в области информатики. 
606 1 |a Информатика  |2 stltpush  |3 (RuTPU)RU\TPU\subj\36202 
610 1 |a информация 
610 1 |a информационные процессы 
610 1 |a программные средства 
610 1 |a функциональные задачи 
610 1 |a вычислительные задачи 
610 1 |a решение 
610 1 |a программирование 
610 1 |a программное обеспечение 
610 1 |a электронные таблицы 
610 1 |a базы данных 
610 1 |a данные 
610 1 |a практикумы 
610 1 |a лабораторные работы 
610 1 |a практические занятия 
610 1 |a учебные пособия 
675 |a 004(076)  |v 4 
700 1 |a Кудинов  |b Ю. И.  |g Юрий Иванович 
701 1 |a Пащенко  |b Ф. Ф.  |g Федор Федорович 
701 1 |a Келина  |b А. Ю.  |g Анастасия Юрьевна 
801 1 |a RU  |b 63413507  |c 20160208 
801 2 |a RU  |b 63413507  |c 20160405  |g RCR 
900 |a Информатика 
942 |c BK 
959 |a 17/20160208  |d 3  |e 636,90  |f ЧЗТЛ:1  |f УФ:2